000 00268nam a2200121 i 4500
001 bg
245 0 _aSbornik zadac po teoriticeskoj fizike.
260 _aMoskva,
_c1972.
040 _cBPK
041 _apol
942 _cKS
008 s pl f |000 0 pol
999 _c14738
_d14738
856 _uhttp://koha.tu.koszalin.pl/cgi-bin/koha/opac-detail.pl?biblionumber=14738
_yKatalog online BPK